Công nghiệp sáng tạo Nhật Bản: thực trạng và vấn đề /

में बचाया:
ग्रंथसूची विवरण
मुख्य लेखक: Phạm Thu Thủy.
स्वरूप: लेख
भाषा:Vietnamese
विषय:
टैग : टैग जोड़ें
कोई टैग नहीं, इस रिकॉर्ड को टैग करने वाले पहले व्यक्ति बनें!
Thư viện lưu trữ: Thư viện Trường Đại học Đà Lạt
LEADER 00863nam a2200301 4500
001 DLU190193647
005 ##20191125
040 # # |a DLU  |b vie 
041 # # |a vie 
044 # # |a vn 
100 # # |a Phạm Thu Thủy. 
245 # # |a Công nghiệp sáng tạo Nhật Bản: thực trạng và vấn đề /  |c Phạm Thu Thủy. 
653 # # |a Bản quyền 
653 # # |a Công nghiệp sáng tạo 
653 # # |a Cạnh tranh 
653 # # |a Nguồn nhân lực 
653 # # |a Nhật Bản 
773 # # |t Nghiên cứu Đông Bắc Á  |g Số 10(212), 2018, tr. 45-53 
920 # # |a Phòng Tạp chí -- Trung tâm Thông tin - Thư viện Trường Đại học Đà Lạt 
933 # # |a LS 
994 # # |a DLU 
900 # # |a True 
911 # # |a Hoàng Thị Huyền 
925 # # |a G 
926 # # |a A 
927 # # |a BB 
980 # # |a Thư viện Trường Đại học Đà Lạt